| 000 | 01096cab a22002055a 4500 | ||
|---|---|---|---|
| 001 | L144553 | ||
| 008 | 080728s2008 xxko f 000 0 eng d | ||
| 035 | _a(Sirsi) u144553 | ||
| 041 | 0 | _aeng | |
| 100 | 1 | _aCollett, Alan | |
| 245 | 0 | 0 | _aStorm clouds gather on the horizon |
| 260 | _c2008 | ||
| 490 |
_aEstates Gazette _v(0829) 26 July 2008, 80-82(3) |
||
| 520 | _aDiscusses and analyses the expansion of the privately rented sector (PRS) from 1988 and indicates factors that may undermine supply and lead to further housing problems. These include tenancy deposit schemes, which the author suggests are an expensive and disproportionate way to manage disputes in the PRS and calls to increase the security of tenure of tenants and change the status of Short Assured Tenancies, which could lead to landlords exiting the market to avoid exposing themselves to reduced control over the tenancies they offer. | ||
| 650 | 2 | 4 | _aGAS SAFETY (INSTALLATION AND USE) REGULATIONS 1998 |
| 650 | 2 | 4 | _aHOUSING ACT 1988 |
| 651 | 4 |
_aUnited Kingdom _y |
|
| 690 |
_aResidential property _96266 |
||
| 942 | _n0 | ||
| 999 |
_c80516 _d80516 |
||